|
|
|
|
| LEADER |
01408nam a2200265 a 4500 |
| 001 |
4242574 |
| 008 |
091123s1999 coua b 000 0 eng d |
| 020 |
|
|
|a 0195211197 (clothbound)
|
| 020 |
|
|
|a 0195211189 (pbk)
|
| 040 |
|
|
|a N
|c N
|d OCL
|d OCLCQ
|d MUQ
|d OCLCQ
|
| 082 |
0 |
4 |
|a 658.4/038
|2 21
|
| 245 |
1 |
0 |
|a Knowledge for development :
|b world development report : 1998/99 /
|c International Bank for Reconstruction and Development.
|
| 246 |
2 |
|
|a World Bank research observer
|
| 260 |
|
|
|a New York :
|b Oxford University Press,
|c 1999.
|
| 300 |
|
|
|a viii, 252 p. :
|b ill., plans, charts ;
|c 25 cm.
|
| 500 |
|
|
|a "This years World Development Report, the twenty-first in this annual series, examines the role of knowledge in advancing economic and social wellbeing."--Foreword.
|
| 504 |
|
|
|a Includes bibliographical references.
|
| 541 |
1 |
|
|e 00006989
|
| 650 |
|
0 |
|a Intangible propert
|x Valuation.
|
| 650 |
|
0 |
|a Intangible property
|x Management.
|
| 710 |
2 |
|
|a World Bank.
|
| 852 |
4 |
|
|a Ayesha Abed Library
|j General Shelf
|
| 999 |
|
|
|c 5928
|d 5928
|
| 952 |
|
|
|0 0
|1 0
|2 ddc
|4 0
|6 658_403800000000000_KNO_1999
|7 0
|9 5914
|a BRACUL
|b BRACUL
|c GEN
|d 2009-12-06
|g 350.00
|l 0
|o 658.4038 KNO
|p 3010006989
|r 2009-12-06
|t 1
|v 700.00
|w 2009-12-06
|y BK
|
| 952 |
|
|
|0 0
|1 0
|2 ddc
|4 0
|6 658_400000000000000_038_KNO_1999
|7 0
|9 6188
|a BRACUL
|b BRACUL
|c GEN
|d 2009-12-17
|g 0.00
|l 0
|o 658.4038 KNO
|p 3010009705
|r 2009-12-17
|t 2
|w 2009-12-17
|y BK
|x No price found in the accession register.
|